| 000 | 00780nam a2200241 a 4500 | ||
|---|---|---|---|
| 001 | BRL_1149 | ||
| 005 | 20190320211046.0 | ||
| 008 | 151113s1902----mx-abo####---#000-0#spa-# | ||
| 041 | _aspa | ||
| 044 | _amx | ||
| 050 | 4 |
_aF1346 _b.H47 1902 |
|
| 100 | 1 |
_aHernández, Fortunato _925941 |
|
| 245 | 1 | 0 |
_aLas razas indígenas de Sonora y la guerra del Yaqui _cpor el doctor Fortunato Hernández. |
| 260 |
_aMéxico _bTalleres de la casa editorial ´J. de Elizalde´ _c1902 |
||
| 300 |
_axix, 295 p. _bil., mapas _c33 cm. |
||
| 500 | _aAu1326 | ||
| 500 | _aIncluye vocabulario seri. | ||
| 500 | _aEstado físico: Hojas desprendidas. | ||
| 650 | 1 | 4 |
_aIndígenas de México _zSonora _923829 |
| 650 | 1 | 4 |
_aIndígenas Yaquis _xGuerras, 1896-190 _925942 |
| 902 | _aGRL | ||
| 942 |
_2lcc _cB |
||
| 999 |
_c9961 _d9961 |
||